LEADER 00951nam0 22002531i 450 001 UON00136695 005 20231205102823.792 100 $a20020107d1980 |0itac50 ba 101 $aeng 102 $aIN 105 $a|||| 1|||| 200 1 $aBeyond love and other stories$fShiv K. Kumar 210 $aNew Delhi$cVikas Publishing House$d1980 215 $a127 p.$d20 cm 620 $aIN$dNew Delhi$3UONL000110 686 $aSI VI N$cSUBCONT. INDIANO - LETTERATURA ANGLO-INDIANA$2A 700 1$aKUMAR$bShiv K.$3UONV083152$0132878 712 $aVikas Publishing House$3UONV246391$4650 801 $aIT$bSOL$c20240220$gRICA 899 $aSIBA - SISTEMA BIBLIOTECARIO DI ATENEO$2UONSI 912 $aUON00136695 950 $aSIBA - SISTEMA BIBLIOTECARIO DI ATENEO$dSI SI VI N 033 $eSI SA 38413 5 033 996 $aBeyond love and other stories$91315189 997 $aUNIOR LEADER 01877cam a2200313 4500 001 991003229679707536 005 20250430130203.0 008 940713s1575 it b 000 0 ita d 035 $ab14300606-39ule_inst 035 $aCICOGNARA-A2013-0222$9ExL 040 $aBibl. Interfacoltà T. Pellegrino$bita 100 1 $aContarini, Luigi,$cO.S.Cr.$d$0494834 245 12$aL'antiqvità di Roma, sito, imperatori, famiglie, statue, chiese, corpi santi, reliquie, pontefici, & cardinali di essa /$cdal reuerendo frate Lvigi Contarino ; con due copiosissime tauole, vna delli imperatori, & l'altra delle statue & corpi santi. 246 3 $aAntiquità di Roma, sito, imperatori, famiglie, statue, chiese, corpi santi, reliquie, pontefici, et cardinali di essa 260 $aIn Venetia :$bappresso Francesco Ziletti,$c1575. 300 $a[8], 115 f. num., [5] p.; $c8° (16 cm). 500 $aDedicated to: "Al clarissimo et molto mag.co sig. mio osservan.mo il sig. Francesco Giustiniano". 500 $aDedication signed: "Seruitor obligatissimo Francesco Ziletti". 500 $aRiproduzione in microfiche dell'originale conservato presso la Biblioteca Apostolica Vaticana 651 0$aRoma 694 4$aRoma (città) 787 18$iLeopoldo Cicognara Program :$tBiblioteca Cicognara$h[microform] : literary sources in the history of art and kindred subjects 787 18$tCatalogo ragionato dei libri d'arte e d'antichità / Leopoldo Cicognara 907 $a.b14300606$b01-04-22$c28-07-16 912 $a991003229679707536 945 $aLE002 SB Raccolta Cicognara, mcrf 3679$g0$lle002$pE0.00$rn$so $t11$u0$v0$w0$x0$y.i15772123$z28-07-16 996 $aAntiqvità di Roma, sito, imperatori, famiglie, statue, chiese, corpi santi, reliquie, pontefici, & cardinali di essa$91391853 997 $aUNISALENTO 998 $ale002$b28-07-16$cm$dg $e-$fita$git $h2$i1